Movies Quiz

Random Movies Quiz
Score 0/14 Timer 05:00
0 Plays Today
Rating Score Movie Title % Correct
60%Happy Gilmore
90.8%
46%Billy Madison
90.1%
10%Grown Ups
84.9%
7%Grown Ups 2
79%
3%Jack and Jill
71.3%
79%Punch Drunk Love
70.2%
67%The Wedding Singer
69.9%
Rating Score Movie Title % Correct
12%*Eight Crazy Nights
57.7%
68%Funny People
51.8%
14%Blended
51.8%
53%Spanglish
50%
64%Reign Over Me
40.8%
14%I Now Pronounce You Chuck and Larry
30.1%
8%Bulletproof
22.1%
Remove Ads.
Support Sporcle.
Get the best of Sporcle when you Go Orange. This ad-free experience offers more features, more stats, and more fun while also helping to support Sporcle. Thank you for becoming a member.

You're not logged in!

Compare scores with friends on all Sporcle quizzes.
OR
Log In

Show Comments

Extras

Top Quizzes Today


Score Distribution

Your Account Isn't Verified!

In order to create a playlist on Sporcle, you need to verify the email address you used during registration. Go to your Sporcle Settings to finish the process.

Report this User

Report this user for behavior that violates our Community Guidelines.

Details: